| 000 | 00540pam a2200169 a 4500 | ||
|---|---|---|---|
| 020 | _a0133749436 | ||
| 082 | 0 | 0 |
_a624.1762 _bKRA _cN-01, P-100 |
| 100 | 1 |
_aKramer, Steven Lawrence. _936294 |
|
| 245 | 1 | 0 |
_aGeotechnical earthquake engineering / _cSteven L. Kramer. |
| 260 |
_aUpper Saddle River, N.J. : _bPrentice Hall, _cc1996. |
||
| 300 |
_axviii, 653 p. : _bill. ; _c25 cm. |
||
| 526 |
_a0 _b0 _c0 _d624_176200000000000_KRA |
||
| 650 | 0 | _aEarthquake engineering. | |
| 650 | 0 | _aEngineering geology. | |
| 650 | 0 |
_aNUST _96342 |
|
| 942 |
_2ddc _cBK |
||
| 999 |
_c546730 _d546730 |
||